000
00351nam a2200157Ia 4500
003
OSt
005
20231118074755.0
008
170524s9999 xx 000 0 und d
020
_a
0-563-36905-1
040
_c
IIMT UNIVERSITY
100
_a
Farrow's Joanna
245
0
_a
Cake Decorating
260
_b
B .B.C Books
260
_c
1994
942
_2
ddc
_c
02
999
_c
6424
_d
6424